| 000 | 00714nam a22002417a 4500 | ||
|---|---|---|---|
| 008 | 130527b xxu||||| |||| 00| 0 eng d | ||
| 020 | _a81-7656-612-8 | ||
| 024 | _cAvailable | ||
| 037 | _cAvailable | ||
| 040 |
_aMBSTU LIBRARY _dMBSTU LIBRARY |
||
| 082 |
_222 _a005.26 MIC |
||
| 110 | _aBPB Publications | ||
| 245 | _aMicroprocessor data handbook | ||
| 260 |
_aNew Delhi _bBPB Publications _c2003 |
||
| 300 |
_a24 cm _bsvi, 844 page _f10 _g24 cm |
||
| 600 | _aProgramming for microcomputers. | ||
| 650 | _2Programming for microcomputers. | ||
| 710 | _aBPB Publications | ||
| 270 |
_aNew Delhi _bNew Delhi _dIndia |
||
| 365 |
_b836.00 _d836.00 |
||
| 942 |
_2ddc _cBK |
||
| 999 |
_c418 _d418 |
||